000 00803nam a2200253Ia 4500
003 OSt
005 20220923225651.0
006 a|||||r|||| 00| 0
007 ta
008 Pun
020 _c120
024 _a273,257
037 _b667, 03/06/2013, H.K. Prakashan
_cTextual
040 _aARTS
_cARTS
_bPun
041 _2Pun
_aPun
082 _aO153,1:g, N9
100 _aਸਿੰਘ, ਗੁਰਇਕਬਾਲ
_9156272
245 0 _aਨਕਸਲੀ ਪੰਜਾਬੀ ਕਵਿਤਾ
260 _aਲੁਧਿਆਣਾ
_b ਚੇਤਨਾ ਪ੍ਰਕਾFਨ
_c1999
300 _a144ਪੰ
_ccm.
650 _aਪੰਜਾਬੀ ਸਾਹਿਤ
942 _hO153,1:g, N9
_cTEXL
_2CC
999 _c379745
_d379745